| 000 | 00752cam a22002417a 4500 | ||
|---|---|---|---|
| 003 | MX-MxUPN | ||
| 005 | 20240912063901.0 | ||
| 008 | 240820s2000 ag| |||ar|||| 000 0 spa d | ||
| 020 | _a9505819617 | ||
| 040 |
_aMX-MxUPN _bspa |
||
| 050 | 4 |
_aPZ73.7 _bU33 2000 |
|
| 100 | 1 |
_941860 _aUhalde, Leticia, _d1942-1991 |
|
| 100 | 1 |
_947362 _aFortín, Raúl |
|
| 245 | 1 | 3 | _aEl barco de papel |
| 260 |
_aBuenos Aires, Argentina : _bColihue, _c[200?] |
||
| 300 |
_a12 páginas : _bilustraciones a color |
||
| 490 | 0 | _aLos libros dibujados | |
| 650 | 4 |
_aCuentos infantiles argentinos _97466 |
|
| 650 | 0 |
_921656 _aViajes _vLiteratura infantil |
|
| 650 | 7 |
_921365 _aLibros ilustrados para niños |
|
| 902 | _bVíctorGodínez/200824 | ||
| 942 |
_2lcc _cLIBRO |
||
| 999 |
_c211585 _d211585 |
||